gossip girl quiz - Statistics

General Stats
  • This quiz has been taken 705 times
  • The average score is 11 of 12
Answer Stats
Hint Answer % Correct
known as B and has her minions follow her everywhere... blair
99%
has a lot of family issues but can't stay with one girl... chuck
99%
an outsider who lives with his dad and younger sister dan
99%
comes back from boarding school and re starts her life... serena
99%
was a fashion designer who made her own clothes... jenny
98%
has several affairs with many older women... nate
98%
dan's childhood friend... vanessa
96%
used to play in a rock band but now owns an art gallery... rufus
95%
remarried several different times and is focused on money... lily
94%
narrates the whole show and ruins lives... gossip girl
87%
will team up with whoever she had to, to get others in trouble... georgina
83%
was hidden from the upper east side because of her mom... charlie
67%
No matching quizzes found
Score Distribution
Percent of People with Each Score
Percentile by Number Answered
Your Score History
You have not taken this quiz